01448cam a2200289 450000100060000000300080000600500170001400800410003103500200007204000340009204100080012608200240013410000210015824501230017926000320030230000380033450400290037265000270040170000280042894200120045699900170046895201390048595201370062495201370076195201300089895201300102810046BD-RjUL20211208234902.0191205s1966e e a b 001 0 eng d a(BD-RjUL) 10093 aDLCcDLCdDLCd(BD-RjUL)beng aeng00a821.1bKEF 19662231 aKer, W.P.93100510aForm and style in poetry : lectures and notes /cW P Ker edited by R.W. Chambers ; with an introduction by John Buxton aLondon :bMacmillan, c1966 axx, 384 pages :bill. ;c21 cm. : aIncludes bibliographies. aEnglish poetry9236016 aChambers, R.W. 9236018 2ddccBK c10046d10046 00102ddc40718NFICaRUCLbRUCLcReadingd1968-10-24eZeitlingerg35.00l0o821.1 KEF 1966r2019-12-05 00:00:00tC-1w2021-12-08yBK 00102ddc40708NFICaRUCLbRUCLcStackd1968-10-24eZeitlingerg35.00l0o821.1 KEF 1966r2019-12-05 00:00:00tC-2w2021-12-08yBK 00102ddc40708NFICaRUCLbRUCLcStackd1968-10-24eZeitlingerg35.00l0o821.1 KEF 1966r2019-12-05 00:00:00tC-3w2021-12-08yBK 00102ddc40708NFICaRUCLbRUCLd1968-10-24eZeitlingerg35.00l0o821.1 KEF 1966r2019-12-05 00:00:00tC-4w2021-12-08yBK 00102ddc40708NFICaRUCLbRUCLd1968-10-24eZeitlingerg35.00l0o821.1 KEF 1966r2019-12-05 00:00:00tC-5w2021-12-08yBK